000 01237nam a2200301 a 4500
001 C01497983c-7
003 CO-ViMGA
005 20230915233142.0
008 151106s2015 ck a gr 00010 spa d
020 _a9789587753684
040 _aCO-ViMGA
_bspa
_cCO-ViMGA
043 _as-ck---
045 _ax2x8
082 0 4 _a291.72
_bC11p
_221
100 1 _aCabrera Becerra, Gabriel.
_95115
240 1 0 _aVaupés-Bibliografía regional
245 1 4 _aLos poderes en la frontera :
_bmisiones católicas y protestantes, y Estados en el Vaupés colombo-brasileño, 1923-1989 /
_cGabriel Cabrera Becerra.
260 _aMedellín :
_bUniversidad Nacional de Colombia,
_c2015.
300 _a455 páginas :
_bilustraciones ;
_c24 cm.
490 0 _aFolios
504 _aIncluye bibliografías e índices.
650 1 4 _aEvangelización
_x Historia
_z Vaupés (Colombia)
_y 1923-1989.
_95119
650 1 4 _aIglesias protestantes
_x Misiones
_x Historia
_z Vaupés (Colombia)
_y 1923-1989.
_95117
650 1 4 _aMisiones católicas
_x Historia
_z Vaupés (Colombia)
_y 1923-1989.
_95118
650 1 4 _aMisiones
_x Historia
_z Vaupés (Colombia)
_y 1923-1989.
_95116
942 _2ddc
_cBK
949 _an
_bn
999 _c35905
_d35905